Central Library OPAC University of Rajshahi

Troubled men : (Record no. 30879)

MARC details
000 -LEADER
fixed length control field 01074pam a2200337 a 4500
001 - CONTROL NUMBER
control field 30879
003 - CONTROL NUMBER IDENTIFIER
rucl marc code BD-RjUL
005 - DATE AND TIME OF LATEST TRANSACTION
control field 20211209051629.0
008 - FIXED-LENGTH DATA ELEMENTS--GENERAL INFORMATION
fixed length control field 140412s1988 cau b 001 0 eng c
020 ## - INTERNATIONAL STANDARD BOOK NUMBER
International Standard Book Number 1555421059 (alk. paper)
035 ## - SYSTEM CONTROL NUMBER
System control number (BD-RjUL)30966
040 ## - CATALOGING SOURCE
Original cataloging agency DNLM/DLC
Transcribing agency DLC
Modifying agency BD-RjUL
Language of cataloging eng
041 ## - LANGUAGE CODE
Language code of text/sound track or separate title eng
060 ## - NATIONAL LIBRARY OF MEDICINE CALL NUMBER
Classification number WM 420 F495t
082 00 - DEWEY DECIMAL CLASSIFICATION NUMBER
Classification number 155.632
Edition number 19
Author mark and year FIT 1988
100 1# - MAIN ENTRY--PERSONAL NAME
Personal name Fine, Reuben,
Dates associated with a name 1914-1993.
9 (RLIN) 93811
245 10 - TITLE STATEMENT
Title Troubled men :
Remainder of title the psychology, emotional conflicts, and therapy of men /
Statement of responsibility, etc. Reuben Fine.
260 ## - PUBLICATION, DISTRIBUTION, ETC. (IMPRINT)
Place of publication, distribution, etc. San Francisco :
Name of publisher, distributor, etc. Jossey-Bass Publishers,
Date of publication, distribution, etc. c1988.
300 ## - PHYSICAL DESCRIPTION
Pagination xv, 348 p. ;
Size 24 cm.
504 ## - BIBLIOGRAPHY, ETC. NOTE
Bibliography, etc Bibliography: p. 309-329.
Bibliography, etc Includes indexes.
650 #0 - SUBJECT ADDED ENTRY--TOPICAL TERM
Topical term or geographic name as entry element Men
General subdivision Mental health.
9 (RLIN) 93813
Topical term or geographic name as entry element Men
General subdivision Psychology.
9 (RLIN) 93814
Topical term or geographic name as entry element Psychotherapy.
9 (RLIN) 93815
Topical term or geographic name as entry element Men
General subdivision psychology.
9 (RLIN) 93816
Topical term or geographic name as entry element Psychotherapy.
9 (RLIN) 93817
942 ## - ADDED ENTRY ELEMENTS (KOHA)
Source of classification or shelving scheme Dewey Decimal Classification
Koha item type Books
Holdings
Lost status Source of classification or shelving scheme Damaged status Not for loan Collection code Permanent Location Current Location Shelving location Date acquired Source of acquisition Total Checkouts Full call number Date last seen Copy number Koha item type
  Dewey Decimal Classification   Not For Loan Non-fiction Central Library, University of Rajshahi Central Library, University of Rajshahi Reading Room 23/06/1994 Asia Foundation   155.632 FIT 1988 12/04/2014 C-1 Books